[Event "Mar del Plata International-30 Maderna"]
[Site "Mar del Plata ARG"]
[Date "1976.03.08"]
[Round "1"]
[White "Brond, Victor"]
[Black "Hase, Juan Carlos"]
[Result "1-0"]
[WhiteElo "2345"]
[BlackElo "2430"]
[PlyCount "105"]
[EventDate "1976.03.08"]

1. Nf3 Nf6 2. c4 b6 3. g3 Bb7 4. Bg2 e5 5. O-O e4 6. Nd4 c5 7. Nc2 d5 8. cxd5 Bxd5 9. b3 Qd7 10. Bb2 Be7 11. Ne3 Bb7 12. Nc3 O-O 13. Qb1 Re8 14. Nxe4 Nxe4 15. Bxe4 Bxe4 16. Qxe4 Bf6 17. Qxa8 Bxb2 18. Rab1 Nc6 19. Qxe8+ Qxe8 20. Rxb2 Qe5 21. Rfb1 Nd4 22. d3 h5 23. h4 a5 24. Rd2 Qe6 25. Re1 f6 26. Nc2 Nb5 27. d4 Nc3 28. dxc5 bxc5 29. Ne3 Ne4 30. Rd3 a4 31. Red1 axb3 32. axb3 Qe5 33. Nc4 Qf5 34. Rf3 Qe6 35. Nd2 Nd6 36. Re3 Qd5 37. Rd3 Qe6 38. e3 Qg4 39. Rc1 Nf5 40. Rc4 Qd1+ 41. Kg2 Kh7 42. Rd5 Ne7 43. Rd6 Nf5 44. Rd5 Ne7 45. Rd6 Nf5 46. Rd7 Kg6 47. Re4 Qc2 48. Rc4 Qd1 49. Re4 Qc2 50. Rf4 Qd1 51. e4 Nh6 52. e5 fxe5 53. Nf3 1-0

[Event "Mar del Plata International-30 Maderna"]
[Site "Mar del Plata ARG"]
[Date "1976.03.08"]
[Round "1"]
[White "Cuasnicu, Oscar"]
[Black "Sanguineti, Raul"]
[Result "1/2-1/2"]
[WhiteElo "2400"]
[BlackElo "2480"]
[PlyCount "71"]
[EventDate "1976.03.08"]

1. e4 e5 2. Nf3 Nc6 3. Bb5 Nf6 4. O-O Nxe4 5. d4 Be7 6. dxe5 O-O 7. Qe2 Nc5 8. Nc3 a6 9. Bc4 d6 10. Bf4 Ne6 11. Bxe6 fxe6 12. Qe3 d5 13. Ne2 Qe8 14. c3 h6 15. h3 a5 16. Nh2 b6 17. Qg3 Kh7 18. Be3 Ba6 19. Rfe1 Bxe2 20. Rxe2 Qh5 21. Qg4 Qxg4 22. hxg4 Rad8 23. Nf3 g5 24. Rd1 Kg6 25. Rc2 Rxf3 26. gxf3 Nxe5 27. Kg2 Rf8 28. Re2 Nxf3 29. Bd4 Nxd4 30. cxd4 Rf6 31. Re3 Bd6 32. Rf3 Bf4 33. Rc3 Bd6 34. Rf3 Bf4 35. Rc3 Bd6 36. Rf3 1/2-1/2

[Event "Mar del Plata International-30 Maderna"]
[Site "Mar del Plata ARG"]
[Date "1976.03.08"]
[Round "1"]
[White "Garcia Palermo, Carlos"]
[Black "Rocha, Antonio Cavilhas"]
[Result "1/2-1/2"]
[WhiteElo "2370"]
[BlackElo "2315"]
[PlyCount "67"]
[EventDate "1976.03.08"]

1. e4 c5 2. Nf3 d6 3. d4 cxd4 4. Qxd4 a6 5. Bg5 Nc6 6. Qd2 h6 7. Bh4 Nf6 8. Nc3 e6 9. O-O-O Qa5 10. Bg3 b5 11. Bxd6 b4 12. Bxf8 bxc3 13. Qd6 Qb6 14. b3 Nxe4 15. Qf4 f5 16. Bxg7 Qb4 17. Kb1 Nd2+ 18. Qxd2 cxd2 19. Bxh8 a5 20. a4 Bb7 21. Rxd2 Rd8 22. Rxd8+ Nxd8 23. Bc4 Ke7 24. Rd1 Nf7 25. Bb2 Nd6 26. Ne5 Be4 27. f3 Nxc4 28. bxc4 Ba8 29. Rd7+ Ke8 30. Rh7 Bb7 31. c5 Bd5 32. c4 Qb3 33. cxd5 Qd1+ 34. Ka2 1/2-1/2

[Event "Mar del Plata International-30 Maderna"]
[Site "Mar del Plata ARG"]
[Date "1976.03.08"]
[Round "1"]
[White "Letelier Martner, Rene"]
[Black "Garcia, Raimundo"]
[Result "0-1"]
[WhiteElo "2350"]
[BlackElo "2425"]
[PlyCount "78"]
[EventDate "1976.03.08"]

1. c4 g6 2. g3 Bg7 3. Bg2 e5 4. Nc3 d6 5. Nf3 Nf6 6. d4 Nbd7 7. O-O O-O 8. dxe5 dxe5 9. Qc2 c6 10. b3 Re8 11. e4 Bf8 12. Bb2 Nc5 13. Rfd1 Qb6 14. h3 Nh5 15. Ne2 f6 16. g4 Ng7 17. g5 Be7 18. Nh2 Nh5 19. Ng4 Bxg4 20. hxg4 Ng7 21. Qc3 Nge6 22. Bc1 Rad8 23. Be3 Rxd1+ 24. Rxd1 Rd8 25. Rf1 a5 26. gxf6 Bxf6 27. g5 Bg7 28. Bh3 Nd4 29. Ng3 Qb4 30. Qxb4 axb4 31. Kg2 Ra8 32. Bd2 Rxa2 33. Bxb4 Nd3 34. Be7 Nf4+ 35. Kh2 Nf3+ 36. Kh1 Nxh3 37. Kg2 Nfxg5 38. Bxg5 Nxg5 39. Rd1 h5 0-1

[Event "Mar del Plata International-30 Maderna"]
[Site "Mar del Plata ARG"]
[Date "1976.03.08"]
[Round "1"]
[White "Rubinetti, Jorge Alberto"]
[Black "Grinberg, Ricardo"]
[Result "1-0"]
[WhiteElo "2380"]
[BlackElo "2425"]
[PlyCount "169"]
[EventDate "1976.03.08"]

1. e4 e5 2. Nf3 Nc6 3. Bc4 Bc5 4. c3 Qe7 5. d4 Bb6 6. d5 Nd8 7. d6 Qxd6 8. Qxd6 cxd6 9. a4 Nf6 10. Bd5 Nc6 11. Na3 Bc7 12. O-O Nxd5 13. exd5 Ne7 14. Rd1 b6 15. Nb5 Bb8 16. a5 bxa5 17. Rxa5 Bb7 18. c4 a6 19. Nc3 O-O 20. Bd2 h6 21. Ra3 Bc7 22. Na2 Rfb8 23. Ba5 Bxa5 24. Rxa5 Bc8 25. b4 f6 26. Nd2 f5 27. Rb1 Rb6 28. Kf1 Rab8 29. Ke2 Ng6 30. g3 Kf7 31. Rc1 Kf6 32. f3 Ne7 33. Nb1 Ra8 34. Nbc3 Rbb8 35. Rb1 Bb7 36. Na4 Bc8 37. N2c3 g6 38. Kd3 h5 39. b5 axb5 40. Rxa8 Rxa8 41. cxb5 Bb7 42. Nb6 Ra3 43. Kc4 Kf7 44. Kb4 Ra7 45. Rd1 Nc8 46. Nc4 Ra8 47. Na4 Ke7 48. Rd2 Rb8 49. Nab6 Nxb6 50. Nxb6 g5 51. Rc2 Kd8 52. Ka5 Bc8 53. h4 gxh4 54. gxh4 Bb7 55. Rg2 Kc7 56. Rg7 Bc8 57. Nc4 Ra8+ 58. Kb4 Bb7 59. b6+ Kd8 60. Nxd6 Bxd5 61. b7 Bxb7 62. Nxb7+ Kc7 63. Nc5 Ra1 64. Rxd7+ Kc6 65. Rf7 Rb1+ 66. Nb3 Rh1 67. Rxf5 Rxh4+ 68. Kc3 Kd5 69. Nd2 Ke6 70. Rf8 Ke7 71. Rh8 Kf6 72. Kd3 Rd4+ 73. Ke3 Ra4 74. Rxh5 Ra3+ 75. Ke2 Ra2 76. Rh8 Kf5 77. Rf8+ Ke6 78. Rd8 Kf5 79. Ke3 Ra3+ 80. Rd3 Ra1 81. Ne4 Re1+ 82. Kf2 Ra1 83. Rd6 Ra2+ 84. Kg3 Ra6 85. Kh3 1-0

[Event "Mar del Plata International-30 Maderna"]
[Site "Mar del Plata ARG"]
[Date "1976.03.08"]
[Round "1"]
[White "Schweber, Samuel"]
[Black "Bronstein, Luis Marcos"]
[Result "1/2-1/2"]
[WhiteElo "2455"]
[BlackElo "2380"]
[PlyCount "57"]
[EventDate "1976.03.08"]

1. e4 Nf6 2. e5 Nd5 3. Nc3 Nxc3 4. dxc3 d6 5. Bc4 Nc6 6. Nf3 dxe5 7. Qxd8+ Nxd8 8. Nxe5 f6 9. Nd3 e5 10. f4 e4 11. Nf2 f5 12. Be3 Be6 13. Be2 Nf7 14. c4 O-O-O 15. O-O Be7 16. Rad1 c5 17. Rxd8+ Rxd8 18. Rd1 b6 19. Rxd8+ Bxd8 20. b3 Bf6 21. Nd1 Kd7 22. Kf2 Kc6 23. Ke1 Nd6 24. Kd2 Bd4 25. c3 Bf6 26. Bf2 a6 27. a4 g5 28. g3 g4 29. Ne3 1/2-1/2

[Event "Mar del Plata International-30 Maderna"]
[Site "Mar del Plata ARG"]
[Date "1976.03.08"]
[Round "1"]
[White "Trois, Francisco"]
[Black "Emma, Jaime"]
[Result "1/2-1/2"]
[WhiteElo "2310"]
[BlackElo "2420"]
[PlyCount "21"]
[EventDate "1976.03.08"]

1. e4 Nc6 2. Nf3 d6 3. Bb5 Nf6 4. Qe2 a6 5. Bxc6+ bxc6 6. O-O Bg4 7. h3 Bxf3 8. Qxf3 e6 9. d3 Be7 10. Nc3 O-O 11. Bd2 1/2-1/2

[Event "Mar del Plata International-30 Maderna"]
[Site "Mar del Plata ARG"]
[Date "1976.03.09"]
[Round "2"]
[White "Bronstein, Luis Marcos"]
[Black "Brond, Victor"]
[Result "0-1"]
[WhiteElo "2380"]
[BlackElo "2345"]
[PlyCount "80"]
[EventDate "1976.03.08"]

1. e4 c6 2. d4 d5 3. e5 Bf5 4. Ne2 c5 5. dxc5 Nc6 6. Nd4 Bd7 7. Nxc6 bxc6 8. b4 e6 9. Bd3 Qb8 10. c3 Qxe5+ 11. Be3 Ne7 12. O-O Nf5 13. Bg5 h6 14. Re1 Qc7 15. Bd2 g6 16. Qf3 Be7 17. Bf4 Qb7 18. Nd2 h5 19. Nb3 f6 20. Qe2 e5 21. Nd4 Kf7 22. Nxf5 gxf5 23. Rab1 Rab8 24. h4 Qc7 25. c4 d4 26. Bh2 Rbg8 27. Qf3 f4 28. Qe4 Bh3 29. Bf1 Qd7 30. Rbd1 Bf5 31. Qe2 Rg4 32. f3 Rg7 33. Kh1 Rhg8 34. Qf2 a5 35. a3 axb4 36. axb4 Rb8 37. b5 Bxc5 38. Qa2 Rgg8 39. Ra1 Ra8 40. Qb2 d3 0-1

[Event "Mar del Plata International-30 Maderna"]
[Site "Mar del Plata ARG"]
[Date "1976.03.09"]
[Round "2"]
[White "Emma, Jaime"]
[Black "Rubinetti, Jorge Alberto"]
[Result "1/2-1/2"]
[WhiteElo "2420"]
[BlackElo "2380"]
[PlyCount "28"]
[EventDate "1976.03.08"]

1. d4 f5 2. g3 Nf6 3. Bg2 e6 4. Nf3 Be7 5. O-O O-O 6. c4 c6 7. b3 Qe8 8. Bb2 d5 9. Ne5 Nbd7 10. Nd3 Ne4 11. Nd2 a5 12. f3 Nxd2 13. Qxd2 Nf6 14. Bc3 Bd8 1/2-1/2

[Event "Mar del Plata International-30 Maderna"]
[Site "Mar del Plata ARG"]
[Date "1976.03.09"]
[Round "2"]
[White "Garcia, Raimundo"]
[Black "Schweber, Samuel"]
[Result "1/2-1/2"]
[WhiteElo "2425"]
[BlackElo "2455"]
[PlyCount "51"]
[EventDate "1976.03.08"]

1. d4 Nf6 2. c4 e6 3. Nc3 d5 4. Nf3 Be7 5. Bg5 h6 6. Bxf6 Bxf6 7. e3 O-O 8. Rc1 c6 9. Bd3 Nd7 10. O-O dxc4 11. Bxc4 e5 12. Ne4 exd4 13. Nxf6+ Qxf6 14. Qxd4 Qxd4 15. Nxd4 Nb6 16. Bb3 Rd8 17. Rfd1 Kf8 18. f3 Rb8 19. Ne2 Bd7 20. Ng3 Be8 21. Ne4 Ke7 22. Kf2 Na8 23. g4 Nc7 24. Ng3 g6 25. Ne4 b6 26. Ba4 1/2-1/2

[Event "Mar del Plata International-30 Maderna"]
[Site "Mar del Plata ARG"]
[Date "1976.03.09"]
[Round "2"]
[White "Grinberg, Ricardo"]
[Black "Cuasnicu, Oscar"]
[Result "1/2-1/2"]
[WhiteElo "2425"]
[BlackElo "2400"]
[PlyCount "50"]
[EventDate "1976.03.08"]

1. e4 c5 2. Nf3 e6 3. d4 cxd4 4. Nxd4 a6 5. Bd3 Nc6 6. Nxc6 bxc6 7. O-O d5 8. Nd2 Nf6 9. Qe2 Be7 10. b3 O-O 11. Bb2 Nd7 12. c4 Nc5 13. Rad1 Nxd3 14. Qxd3 Bf6 15. Bxf6 Qxf6 16. exd5 exd5 17. cxd5 cxd5 18. Qxd5 Be6 19. Ne4 Qg6 20. Qd4 Rfe8 21. Rfe1 Bg4 22. Rc1 h5 23. Nc5 Bf3 24. g3 Rad8 25. Rxe8+ Rxe8 1/2-1/2

[Event "Mar del Plata International-30 Maderna"]
[Site "Mar del Plata ARG"]
[Date "1976.03.09"]
[Round "2"]
[White "Rocha, Antonio Cavilhas"]
[Black "Letelier Martner, Rene"]
[Result "0-1"]
[WhiteElo "2315"]
[BlackElo "2350"]
[PlyCount "46"]
[EventDate "1976.03.08"]

1. d4 d5 2. Nf3 c5 3. e3 Nf6 4. c4 e6 5. Nc3 Nc6 6. a3 a6 7. Bd3 cxd4 8. exd4 dxc4 9. Bxc4 Be7 10. O-O O-O 11. Ba2 b5 12. Re1 b4 13. Na4 Qa5 14. Be3 bxa3 15. bxa3 Nd5 16. Bxd5 exd5 17. Bg5 Bxg5 18. Nxg5 Bf5 19. Rc1 Rfe8 20. Rxe8+ Rxe8 21. Nf3 Na7 22. Rc5 Nb5 23. Rxd5 Bc2 0-1

[Event "Mar del Plata International-30 Maderna"]
[Site "Mar del Plata ARG"]
[Date "1976.03.09"]
[Round "2"]
[White "Sanguineti, Raul"]
[Black "Garcia Palermo, Carlos"]
[Result "1-0"]
[WhiteElo "2480"]
[BlackElo "2370"]
[PlyCount "81"]
[EventDate "1976.03.08"]

1. c4 g6 2. d4 Nf6 3. Nc3 d5 4. Bg5 Ne4 5. Bh4 c5 6. e3 Nxc3 7. bxc3 Bg7 8. cxd5 cxd4 9. cxd4 Qxd5 10. Nf3 Nc6 11. Be2 O-O 12. O-O Bf5 13. Nd2 e5 14. Bf3 e4 15. Be2 Na5 16. Qa4 Rfc8 17. Rfc1 Be6 18. Be7 Rxc1+ 19. Rxc1 Qxa2 20. Qxa2 Bxa2 21. Ra1 Nc6 22. Rxa2 Nxe7 23. Nxe4 Nc6 24. Nd6 b6 25. Bf3 Rd8 26. Nxf7 Kxf7 27. Bxc6 a5 28. f4 Ke6 29. Kf2 Kd6 30. d5 Kc5 31. e4 Rf8 32. Ke3 Bh6 33. g3 g5 34. Rc2+ Kb4 35. fxg5 Bxg5+ 36. Kd4 Kb3 37. Rc3+ Kb4 38. Rc4+ Kb3 39. Ba4+ Ka3 40. e5 Rb8 41. Bb5 1-0

[Event "Mar del Plata International-30 Maderna"]
[Site "Mar del Plata ARG"]
[Date "1976.03.09"]
[Round "2"]
[White "Van Riemsdijk, Herman Claudius"]
[Black "Hase, Juan Carlos"]
[Result "1/2-1/2"]
[WhiteElo "2370"]
[BlackElo "2430"]
[PlyCount "101"]
[EventDate "1976.03.08"]

1. e4 e5 2. Nf3 Nc6 3. Bb5 a6 4. Ba4 Nf6 5. O-O Be7 6. Re1 b5 7. Bb3 O-O 8. d4 d6 9. c3 Bg4 10. Be3 exd4 11. cxd4 d5 12. e5 Ne4 13. Nc3 Nxc3 14. bxc3 Bh5 15. Bc2 Qd7 16. Qb1 Bg6 17. Bg5 Nd8 18. a4 c6 19. Bxg6 fxg6 20. Bxe7 Qxe7 21. Qb4 Qe6 22. Qd6 h6 23. axb5 cxb5 24. Ra3 Qxd6 25. exd6 Nf7 26. d7 Rfd8 27. Rc1 Kf8 28. Nh4 Ke7 29. Nxg6+ Kxd7 30. Rca1 Rdc8 31. Nf4 Kc6 32. Kf1 Kb7 33. Ne6 Kb6 34. Nxg7 Nd6 35. Re1 Ne4 36. Re3 Rc6 37. Rd3 Rac8 38. Nf5 Rxc3 39. Raxc3 Rxc3 40. Rxc3 Nxc3 41. Ke1 b4 42. Kd2 Ne4+ 43. Kc2 Nxf2 44. Ne3 a5 45. g4 a4 46. h4 Kc6 47. g5 hxg5 48. hxg5 Ne4 49. g6 Nf6 50. g7 Ng8 51. Kb2 1/2-1/2

[Event "Mar del Plata International-30 Maderna"]
[Site "Mar del Plata ARG"]
[Date "1976.03.10"]
[Round "3"]
[White "Brond, Victor"]
[Black "Garcia, Raimundo"]
[Result "1-0"]
[WhiteElo "2345"]
[BlackElo "2425"]
[PlyCount "61"]
[EventDate "1976.03.08"]

1. b3 e5 2. Bb2 d6 3. g3 Nf6 4. Bg2 g6 5. Nf3 Bg7 6. O-O O-O 7. c4 Nbd7 8. Nc3 Re8 9. Qc2 c6 10. e4 a5 11. d4 exd4 12. Nxd4 Nc5 13. a3 Qb6 14. Rfd1 Ng4 15. Rab1 f5 16. h3 Nh6 17. Kh2 Nf7 18. exf5 gxf5 19. Nxf5 Bxf5 20. Qxf5 Qxb3 21. Nd5 Bxb2 22. Nf6+ Kf8 23. Nxe8 Rxe8 24. Rd2 Na4 25. Rbxb2 Nxb2 26. Qb1 Qxc4 27. Rxb2 b5 28. Qxh7 Qd4 29. Rb3 c5 30. Rf3 Qg7 31. Qd3 1-0

[Event "Mar del Plata International-30 Maderna"]
[Site "Mar del Plata ARG"]
[Date "1976.03.10"]
[Round "3"]
[White "Cuasnicu, Oscar"]
[Black "Emma, Jaime"]
[Result "1/2-1/2"]
[WhiteElo "2400"]
[BlackElo "2420"]
[PlyCount "25"]
[EventDate "1976.03.08"]

1. e4 c5 2. Nf3 d6 3. d4 cxd4 4. Nxd4 Nf6 5. Nc3 g6 6. Be2 Bg7 7. O-O Nc6 8. Be3 O-O 9. Nb3 Be6 10. f4 Qc8 11. Qd2 a5 12. a4 Nb4 13. Bf3 1/2-1/2

[Event "Mar del Plata International-30 Maderna"]
[Site "Mar del Plata ARG"]
[Date "1976.03.10"]
[Round "3"]
[White "Garcia Palermo, Carlos"]
[Black "Grinberg, Ricardo"]
[Result "1/2-1/2"]
[WhiteElo "2370"]
[BlackElo "2425"]
[PlyCount "42"]
[EventDate "1976.03.08"]

1. e4 c5 2. Nf3 e6 3. d4 cxd4 4. Nxd4 Nf6 5. Nc3 d6 6. Be2 Be7 7. Be3 Nc6 8. f4 Bd7 9. Ndb5 Qb8 10. a4 O-O 11. O-O b6 12. Bf3 a6 13. Na3 Qc7 14. Rf2 Rfd8 15. Rd2 Be8 16. Qf1 Nd7 17. Rad1 Nc5 18. b3 Qb8 19. g4 Bf6 20. Nab1 Be7 21. g5 Qc7 1/2-1/2

[Event "Mar del Plata International-30 Maderna"]
[Site "Mar del Plata ARG"]
[Date "1976.03.10"]
[Round "3"]
[White "Hase, Juan Carlos"]
[Black "Bronstein, Luis Marcos"]
[Result "1/2-1/2"]
[WhiteElo "2430"]
[BlackElo "2380"]
[PlyCount "115"]
[EventDate "1976.03.08"]

1. e4 Nf6 2. e5 Nd5 3. d4 d6 4. Nf3 Bg4 5. Be2 e6 6. O-O Be7 7. c4 Nb6 8. Nc3 O-O 9. Be3 d5 10. c5 Bxf3 11. gxf3 Nc8 12. b4 Bg5 13. Qd2 f6 14. f4 Bh4 15. Bg4 f5 16. Be2 Ne7 17. b5 Nd7 18. a4 Rf7 19. a5 Nf8 20. Rab1 h6 21. Kh1 Nh7 22. b6 axb6 23. cxb6 cxb6 24. axb6 Nc8 25. Nb5 Nf8 26. Nc7 Rb8 27. Qa5 Re7 28. Rfc1 Nxb6 29. Qxb6 Rc8 30. Nxe6 Rxc1+ 31. Bxc1 Qxb6 32. Rxb6 Nxe6 33. Ba3 Re8 34. Bh5 g6 35. Bxg6 Ra8 36. Rxe6 Rxa3 37. Bxf5 Rf3 38. Rg6+ Kf8 39. Rg4 Bd8 40. Be6 Rxf2 41. f5 Bg5 42. Bxd5 Rxf5 43. Kg2 h5 44. Re4 b5 45. h4 Bd2 46. Be6 Rf4 47. Rxf4+ Bxf4 48. Kf3 Bd2 49. Ke4 Be1 50. Bb3 Bxh4 51. Bd1 Bd8 52. Bxh5 Ke7 53. Kd5 Bb6 54. Be2 b4 55. Bc4 Ba7 56. Bb3 Bb6 57. Ba4 Ba7 58. Bb3 1/2-1/2

[Event "Mar del Plata International-30 Maderna"]
[Site "Mar del Plata ARG"]
[Date "1976.03.10"]
[Round "3"]
[White "Letelier Martner, Rene"]
[Black "Sanguineti, Raul"]
[Result "0-1"]
[WhiteElo "2350"]
[BlackElo "2480"]
[PlyCount "86"]
[EventDate "1976.03.08"]

1. d4 Nf6 2. c4 c5 3. Nf3 cxd4 4. Nxd4 b6 5. Nc3 Bb7 6. Bg5 e6 7. e4 d6 8. f3 Be7 9. Qd2 a6 10. Be2 O-O 11. O-O Nbd7 12. Rfd1 Rc8 13. Nc2 h6 14. Bh4 Qc7 15. Ne3 Rfd8 16. Rac1 Nxe4 17. Nxe4 Bxh4 18. Qxd6 Bxe4 19. Qxc7 Rxc7 20. fxe4 Nc5 21. e5 Rxd1+ 22. Rxd1 Nd7 23. c5 Nxc5 24. b4 Ne4 25. Bxa6 Bf2+ 26. Kf1 Bxe3 27. Rd8+ Kh7 28. Bd3 g6 29. Bxe4 Rc4 30. Bf3 Rxb4 31. Rd3 Bf4 32. g3 Bxe5 33. Rb3 Rxb3 34. axb3 f5 35. Bc6 Kg7 36. Kf2 Kf6 37. Kf3 Bd6 38. h3 e5 39. g4 e4+ 40. Ke2 Ke5 41. Be8 f4 42. Bxg6 f3+ 43. Kf2 Kf4 0-1

[Event "Mar del Plata International-30 Maderna"]
[Site "Mar del Plata ARG"]
[Date "1976.03.10"]
[Round "3"]
[White "Schweber, Samuel"]
[Black "Rocha, Antonio Cavilhas"]
[Result "1/2-1/2"]
[WhiteElo "2455"]
[BlackElo "2315"]
[PlyCount "50"]
[EventDate "1976.03.08"]

1. c4 Nf6 2. Nf3 c5 3. g3 b6 4. Bg2 Bb7 5. O-O e6 6. Nc3 Be7 7. b3 O-O 8. Bb2 d6 9. d4 cxd4 10. Qxd4 a6 11. Rfd1 Nbd7 12. Ne1 Bxg2 13. Nxg2 Qc7 14. Ne3 Qb7 15. g4 Rfd8 16. g5 Ne8 17. h4 b5 18. Rac1 Ne5 19. Ba1 bxc4 20. bxc4 Qa7 21. Qf4 f5 22. Nb1 Qc5 23. Nd2 Ng6 24. Qh2 f4 25. Ng2 Qf5 1/2-1/2

[Event "Mar del Plata International-30 Maderna"]
[Site "Mar del Plata ARG"]
[Date "1976.03.10"]
[Round "3"]
[White "Trois, Francisco"]
[Black "Van Riemsdijk, Herman Claudius"]
[Result "1/2-1/2"]
[WhiteElo "2310"]
[BlackElo "2370"]
[PlyCount "124"]
[EventDate "1976.03.08"]

1. Nf3 g6 2. e4 Bg7 3. d4 c6 4. c3 d6 5. Nbd2 Nf6 6. Be2 O-O 7. O-O Qc7 8. Re1 Nbd7 9. a4 Rb8 10. a5 b5 11. axb6 axb6 12. Bf1 b5 13. h3 Nb6 14. e5 Nfd5 15. Bd3 Nf4 16. Bc2 Nbd5 17. Nf1 dxe5 18. Nxe5 f6 19. Nd3 Nxd3 20. Bxd3 e5 21. dxe5 fxe5 22. Be4 Be6 23. Ng3 Qf7 24. Qc2 b4 25. Be3 b3 26. Qc1 Ra8 27. Bc5 Rxa1 28. Qxa1 Rd8 29. Qa5 Qe8 30. Ra1 Bf6 31. Qa4 Be7 32. Qa5 Bf7 33. Bf3 Rb8 34. c4 Nf4 35. Ne4 Nd3 36. Bxe7 Qxe7 37. Qc3 Nf4 38. Ra5 Qe6 39. Rxe5 Qxc4 40. Qe3 Nd5 41. Qg5 Rf8 42. Qd2 Kg7 43. Be2 Qa4 44. Bd1 Re8 45. Nc5 Qc4 46. Rxe8 Bxe8 47. Nxb3 Bf7 48. Na5 Qb4 49. Qxb4 Nxb4 50. Kf1 Nd3 51. b3 Bd5 52. g3 Kf6 53. Ke2 Nb4 54. Ke3 c5 55. f4 g5 56. fxg5+ Kxg5 57. h4+ Kf5 58. g4+ Ke5 59. g5 Kf5 60. Nc4 Bxc4 61. bxc4 h6 62. gxh6 Kg6 1/2-1/2

[Event "Mar del Plata International-30 Maderna"]
[Site "Mar del Plata ARG"]
[Date "1976.03.11"]
[Round "4"]
[White "Emma, Jaime"]
[Black "Garcia Palermo, Carlos"]
[Result "1-0"]
[WhiteElo "2420"]
[BlackElo "2370"]
[PlyCount "86"]
[EventDate "1976.03.08"]

1. d4 Nf6 2. c4 g6 3. Nc3 d5 4. Nf3 Bg7 5. Qa4+ Nc6 6. Bg5 dxc4 7. e3 Nd7 8. Qxc4 O-O 9. Be2 Nb6 10. Qc5 Re8 11. O-O Bf8 12. Rfd1 f6 13. Bh4 e6 14. Qb5 Qe7 15. Rac1 Bd7 16. Qb3 a5 17. Bg3 a4 18. Qc2 Nb4 19. Qd2 Bc6 20. a3 N4d5 21. Ne4 Qf7 22. Nc5 Rac8 23. e4 Ne7 24. h4 Red8 25. Qe3 h6 26. Bd3 Nd7 27. Nxe6 Qxe6 28. Bc4 Bd5 29. exd5 Qxe3 30. fxe3 Nf5 31. Bf2 Nd6 32. Bd3 f5 33. Ne5 Nf6 34. Nxg6 Nxd5 35. g4 fxg4 36. e4 Ne7 37. Nxe7+ Bxe7 38. e5 Ne8 39. Bf5 Ra8 40. Bxg4 c6 41. Kh2 Ng7 42. Rg1 Kh8 43. Rg2 Rg8 1-0

[Event "Mar del Plata International-30 Maderna"]
[Site "Mar del Plata ARG"]
[Date "1976.03.11"]
[Round "4"]
[White "Garcia, Raimundo"]
[Black "Hase, Juan Carlos"]
[Result "1-0"]
[WhiteElo "2425"]
[BlackElo "2430"]
[PlyCount "51"]
[EventDate "1976.03.08"]

1. e4 e5 2. Nf3 Nc6 3. Bb5 a6 4. Ba4 Nf6 5. O-O Be7 6. Re1 b5 7. Bb3 O-O 8. c3 d6 9. h3 Na5 10. Bc2 c5 11. d4 Qc7 12. Nbd2 cxd4 13. cxd4 Nc6 14. a3 exd4 15. Nb3 Re8 16. Nbxd4 Ne5 17. Bg5 h6 18. Bf4 Bd7 19. Rc1 Rac8 20. Bb3 Qb8 21. Rxc8 Rxc8 22. Nf5 Bf8 23. Bg3 Bxf5 24. Nxe5 dxe5 25. exf5 Re8 26. Bxf7+ 1-0

[Event "Mar del Plata International-30 Maderna"]
[Site "Mar del Plata ARG"]
[Date "1976.03.11"]
[Round "4"]
[White "Grinberg, Ricardo"]
[Black "Letelier Martner, Rene"]
[Result "1-0"]
[WhiteElo "2425"]
[BlackElo "2350"]
[PlyCount "121"]
[EventDate "1976.03.08"]

1. e4 c5 2. Nf3 e6 3. d4 cxd4 4. Nxd4 Nf6 5. Nc3 d6 6. Be2 Be7 7. Be3 a6 8. a4 Nc6 9. f4 Bd7 10. Nb3 Na5 11. Nd2 Qc7 12. O-O d5 13. e5 Bc5 14. Bxc5 Qxc5+ 15. Kh1 Ng8 16. Rf3 Ne7 17. Rb1 Nac6 18. Nb3 Qb6 19. Bd3 g6 20. Ne2 Nb4 21. a5 Qc7 22. Qd2 Nec6 23. Ra1 O-O 24. c3 Nxd3 25. Rxd3 Ne7 26. Ned4 f6 27. Re3 f5 28. Qf2 Rab8 29. Qh4 Rf7 30. Nf3 b6 31. Ng5 Rg7 32. Rh3 h5 33. Nd4 Qc8 34. axb6 Rxb6 35. Qf2 Qb7 36. b4 Nc8 37. Nb3 Bb5 38. Nc5 Qe7 39. Qd4 Bc4 40. Re3 Na7 41. Nd7 Rc6 42. Nb8 Qb7 43. Nxc6 Nxc6 44. Qc5 Nd8 45. h3 Rc7 46. Qd4 Nc6 47. Qd2 d4 48. cxd4 Rd7 49. Nf3 Bd5 50. Kh2 Qb5 51. Nh4 Kh7 52. Rg3 Rg7 53. Qd1 Ne7 54. Ra5 Qxb4 55. Rxa6 Qb7 56. Raa3 Qb6 57. Rg5 Qb8 58. Rag3 Qe8 59. Qa1 Qb8 60. Qc1 Qb4 61. Qd1 1-0

[Event "Mar del Plata International-30 Maderna"]
[Site "Mar del Plata ARG"]
[Date "1976.03.11"]
[Round "4"]
[White "Rocha, Antonio Cavilhas"]
[Black "Brond, Victor"]
[Result "1/2-1/2"]
[WhiteElo "2315"]
[BlackElo "2345"]
[PlyCount "56"]
[EventDate "1976.03.08"]

1. d4 Nf6 2. Bg5 d6 3. Bxf6 gxf6 4. e3 e6 5. Nd2 f5 6. g3 Nd7 7. Bg2 Bg7 8. c3 Nf6 9. Qc2 d5 10. Ne2 Qe7 11. O-O h5 12. h4 Bd7 13. c4 c6 14. b4 Rc8 15. Rfb1 Ne4 16. Nf3 f6 17. a4 Kf7 18. Qb3 Bh6 19. cxd5 cxd5 20. Rc1 a6 21. Rxc8 Rxc8 22. Rc1 Qe8 23. Rxc8 Qxc8 24. Ne1 Qc4 25. Qxc4 dxc4 26. Bxe4 fxe4 27. Nc3 f5 28. Nc2 Bf8 1/2-1/2

[Event "Mar del Plata International-30 Maderna"]
[Site "Mar del Plata ARG"]
[Date "1976.03.11"]
[Round "4"]
[White "Sanguineti, Raul"]
[Black "Schweber, Samuel"]
[Result "1/2-1/2"]
[WhiteElo "2480"]
[BlackElo "2455"]
[PlyCount "45"]
[EventDate "1976.03.08"]

1. d4 Nf6 2. c4 e6 3. Nc3 Bb4 4. e3 c5 5. Nf3 O-O 6. Bd3 d5 7. O-O cxd4 8. exd4 dxc4 9. Bxc4 b6 10. Bg5 Bb7 11. Rc1 Be7 12. Qe2 Nc6 13. Rfd1 Nb4 14. Ne5 Nbd5 15. Ba6 Nxc3 16. bxc3 Bxa6 17. Qxa6 Qc8 18. Qb5 Nd5 19. Bxe7 Nxe7 20. c4 Qc7 21. a4 Rad8 22. a5 bxa5 23. Ra1 1/2-1/2

[Event "Mar del Plata International-30 Maderna"]
[Site "Mar del Plata ARG"]
[Date "1976.03.11"]
[Round "4"]
[White "Trois, Francisco"]
[Black "Rubinetti, Jorge Alberto"]
[Result "0-1"]
[WhiteElo "2310"]
[BlackElo "2380"]
[PlyCount "98"]
[EventDate "1976.03.08"]

1. Nf3 Nf6 2. c4 g6 3. Nc3 d5 4. cxd5 Nxd5 5. g3 Bg7 6. Bg2 O-O 7. O-O e5 8. Nxd5 Qxd5 9. d3 Qd6 10. Nd2 Qe7 11. Nc4 Rd8 12. Bd2 c6 13. a4 Be6 14. Qc2 Bd5 15. Bc3 Na6 16. b3 f6 17. Rad1 Bxg2 18. Kxg2 Nb4 19. Qb1 Rd7 20. Bb2 Qe6 21. Ba3 Bf8 22. h3 Re8 23. Rfe1 b5 24. Ne3 f5 25. Rf1 f4 26. Bxb4 Bxb4 27. Ng4 h5 28. Nh2 g5 29. Qc2 Qd5+ 30. f3 fxg3 31. Kxg3 e4 32. dxe4 Qe5+ 33. Kg2 Bd6 34. Rxd6 Rxd6 35. Rc1 Red8 36. Qc5 Qf4 37. axb5 cxb5 38. Re1 a6 39. e5 Rg6 40. Qe7 Rf8 41. e3 Qf5 42. Re2 Re6 43. Qc7 Qxe5 44. Qc2 a5 45. Nf1 Qf5 46. Qxf5 Rxf5 47. Rc2 a4 48. e4 Rfe5 49. Ne3 Ra6 0-1